Việt Nam lãnh thổ và các vùng địa lý
שמור ב:
| מחבר ראשי: | |
|---|---|
| פורמט: | ספר |
| שפה: | Undetermined |
| יצא לאור: |
Hà Nội
Thế Giới
2001
|
| נושאים: | |
| תגים: |
הוספת תג
אין תגיות, היה/י הראשונ/ה לתייג את הרשומה!
|
| Thư viện lưu trữ: | Trung tâm Học liệu Trường Đại học Cần Thơ |
|---|
| LEADER | 00552nam a2200169Ia 4500 | ||
|---|---|---|---|
| 001 | CTU_43360 | ||
| 008 | 210402s9999 xx 000 0 und d | ||
| 082 | |a 915.97 | ||
| 082 | |b Th108/2001 | ||
| 100 | |a Lê Bá Thảo | ||
| 245 | 0 | |a Việt Nam lãnh thổ và các vùng địa lý | |
| 245 | 0 | |c Lê Bá Thảo | |
| 260 | |a Hà Nội | ||
| 260 | |b Thế Giới | ||
| 260 | |c 2001 | ||
| 650 | |a vietnam - economic conditions,vietnam - economic geography,vietnam - geography | ||
| 980 | |a Trung tâm Học liệu Trường Đại học Cần Thơ | ||